Fiat 500 : historie, vývoj, technika, sport /

Main Author: Fiala, Jiří, 1953-
Language: Czech
Published: Praha : Grada, 2010
Edition: 1. vyd.
Series: Retro (Grada)
Subjects:
Online Access: Digitalizovaný dokument
Physical Description: 205 s. : il. (některé barev.), portréty, faksim. ; 18 x 23 cm
Book
Saved in:
LEADER 01463nam a2200433 a 4500
001 nkc20092012586
003 CZ PrNK
005 20100303092008.0
007 ta
008 100119s2010 xr ach f 000 0 cze
015 |a cnb002012586 
020 |a 978-80-247-2933-6  |q (váz.) 
035 |a (OCoLC)505914931 
040 |a ABA001  |b cze 
043 |a e-it--- 
072 7 |a 629  |x Dopravní prostředky  |2 Konspekt  |9 19 
080 |a 629.331  |2 MRF 
080 |a (450)  |2 MRF 
080 |a (048.8)  |2 MRF 
100 1 |a Fiala, Jiří,  |d 1953-  |7 xx0027581  |4 aut 
245 1 0 |a Fiat 500 :  |b historie, vývoj, technika, sport /  |c Jiří Fiala 
250 |a 1. vyd. 
260 |a Praha :  |b Grada,  |c 2010 
300 |a 205 s. :  |b il. (některé barev.), portréty, faksim. ;  |c 18 x 23 cm 
490 1 |a Retro 
504 |a Obsahuje bibliografii 
650 0 7 |a Fiat 500  |7 ph559023  |2 czenas 
650 0 7 |a osobní automobily  |7 ph115616  |z Itálie  |2 czenas 
650 0 9 |a Fiat 500  |2 eczenas 
650 0 9 |a passenger cars  |z Italy  |2 eczenas 
655 7 |a monografie  |7 fd132842  |2 czenas 
655 9 |a monographs  |2 eczenas 
830 0 |a Retro (Grada)  |0 s 
856 4 1 |u http://www.digitalniknihovna.cz/mzk/uuid/uuid:7ca9ac60-8141-11e5-ac67-005056827e51  |y Digitalizovaný dokument  |x NDK 
910 2 |a BOA001  |b 2-1235.519 
990 |a BK 
995 |a 01 
991 |b 201002  |c NOV  |j 629.33 FIA 
996 6 |b 2610405951  |c 2-1235.519  |l MZK  |r Sklad / do 1 hodiny  |n 0  |p p.v.  |w 001104756  |u 000010  |a 1  |e BOA001  |j MZK50  |s P